Fluminense FC Squad 2025 - Statistics

General Stats
  • This quiz has been taken 75 times
    63 since last reset
  • The average score is 23 of 36
Answer Stats
# Position Nation Player % Correct
1 GK Brazil Fábio
98%
14 FW Argentina Germán Cano
94%
21 FW Colombia Jhon Arias
91%
3 DF Brazil Thiago Silva
89%
17 FW Uruguay Agustín Canobbio
85%
8 MF Brazil Martinelli
85%
2 DF Brazil Samuel Xavier
85%
10 MF Brazil Ganso
81%
90 FW Colombia Kevin Serna
81%
23 DF Brazil Guga
79%
4 DF Brazil Ignácio
79%
9 FW Brazil Everaldo
77%
5 MF Uruguay Facundo Bernal
77%
35 MF Brazil Hércules
77%
22 DF Argentina Juan Pablo Freytes
77%
12 DF Colombia Gabriel Fuentes
72%
11 FW Brazil Keno
72%
26 DF Brazil Manoel
70%
- Coach Brazil Renato Gaúcho
70%
6 DF Brazil Renê
70%
45 MF Brazil Lima
64%
29 DF Brazil Thiago Santos
64%
- Coach Brazil Mano Menezes
62%
27 GK Brazil Marcelo Pitaluga
62%
98 GK Brazil Vitor Eudes
60%
19 FW Uruguay Joaquín Lavega
57%
18 MF Paraguay Rubén Lezcano
57%
- Coach Brazil Marcão
55%
16 MF Brazil Nonato
55%
28 FW Brazil Riquelme
51%
94 MF Brazil Otávio
45%
77 FW Brazil Paulo Baya
34%
37 MF Brazil Isaque
32%
55 MF Brazil Wallace Davi
21%
50 GK Brazil Gustavo Ramalho
13%
20 MF Brazil Victor Hugo
2%
No matching quizzes found
Score Distribution
Percent of People with Each Score
Percentile by Number Answered
Your Score History
You have not taken this quiz since the last reset